| 000 | 00496nam a2200169Ia 4500 | ||
|---|---|---|---|
| 999 |
_c20146 _d20146 |
||
| 003 | OSt | ||
| 005 | 20200707144620.0 | ||
| 008 | 190216s9999||||xx |||||||||||||| ||und|| | ||
| 020 | _a0195036891 | ||
| 040 | _coclc | ||
| 082 |
_a951.05 _bDIE/P |
||
| 100 |
_aDietrich, Craig _93628 |
||
| 245 | 0 |
_aPeople`s China A Brief History / _cCraig Dietrich |
|
| 260 |
_bOxford University Press, _c1986. _aNew York: |
||
| 300 | _a327p | ||
| 942 |
_cBK _2ddc _h951.05 _iDIE/P _k951.05 _mDIE/P |
||